000 00558nam a2200181Ia 4500
005 20250326144350.0
008 250326s9999 xx 000 0 und d
037 _aTextbook
040 _aFMSL
_beng
_cFMSL
041 _aeng
_2eng
084 _aX:8:(D69(B)) P8
_qFMSL
100 _aBrown H
_969402
245 0 _aKnowledge and innovation : comparative study of the USA, the UK, and Japan
_cBrown H
260 _aLondon
_bLondon, Routledge
_c2008
365 _b4847.0500000000002
942 _cTB
_hX:8:(D69(B)) P8
999 _c1303445
_d1303445